000 00289nam a2200133Ia 4500
008 231129s1970||||xx |||||||||||||| ||spa||
040 _bspa
082 _aEU812 o58t
100 _aO'Neill Eugene
245 0 _aTeatro escogido
260 _c1970
264 _aAguilar
942 _2ddc
_cBKS
999 _c25042
_d25042